Engineering and food

Gespeichert in:
Bibliographische Detailangaben
1. Verfasser: McKenna, Brian M. (autor)
Format: Buch
Sprache:Englisch
Veröffentlicht: Londres Elsevier Applied Science 1984
Schlagworte:
Tags: Tag hinzufügen
Keine Tags, Fügen Sie den ersten Tag hinzu!

MARC

LEADER 00000nam a2200000 a 4500
001 UCR6762
003 CL-VaPUC
008 980423e19840000UK |||||||||||||||||eng|d
082 0 4 |a 664  |b MCK  |2 21 
100 |a McKenna, Brian M.  |e autor  |9 490513 
245 1 0 |a Engineering and food 
300 |a 2 v 
942 |c BK 
945 |d 19980423 00:00:00  |a crobeson 
260 |a Londres  |b Elsevier Applied Science  |c 1984 
500 |a v.1: Engineering sciences in the food industry 
500 |a v.2: Processings applications 
650 0 |a Industria alimentaria  |9 331702 
650 7 |a TECNOLOGIA DE ALIMENTOS  |2 CL-VaPUC  |9 407839 
650 7 |a PRODUCCION ALIMENTARIA  |2 CL-VaPUC  |9 341875 
650 0 |a Alimentos  |9 256203 
583 |a last modification  |c 19980423 00:00:00  |k Rodrigo Vera 
999 |c 268674  |d 268672 
952 |0 0  |1 0  |4 0  |6 664_000000000000000_MCK_1984  |7 0  |8 A  |9 301911  |a BIBALI  |b BIBALI  |c GEN  |d 2019-11-20  |h v.1  |i 1988395  |o 664 MCK 1984  |p 1988395  |r 2025-01-20  |w 2019-11-20  |y BK  |k ALI 
952 |0 0  |1 0  |4 0  |6 664_000000000000000_MCK_1984  |7 0  |8 A  |9 301912  |a BIBALI  |b BIBALI  |c GEN  |d 2019-11-20  |h v.2  |i 1988409  |o 664 MCK 1984  |p 1988409  |r 2025-01-20  |w 2019-11-20  |y BK  |k ALI